000 00861cam a22002534a 4500
001 13779223
005 20180302081950.0
008 041110s2005 iluab b 001 0 eng
010 _a 2004026816
020 _a0226481255 (cloth : alk. paper)
020 _a0226481263 (pbk. : alk. paper)
040 _aDLC
_cDLC
_dDLC
041 _aeng
042 _apcc
080 _a808.042 LIP
082 0 0 _a808.042 LIP
_222
100 1 _a25
101 _aEDU
245 1 0 _aHow to write a BA thesis :
_cCharles Lipson.
504 _aIncludes bibliographical references and index.
906 _a7
_bcbc
_corignew
_d1
_eecip
_f20
_gy-gencatlg
942 _2ddc
_cBK
999 _c44071
_d44071